Maktub / (Record no. 368496)
[ view plain ]
| 000 -LEADER | |
|---|---|
| fixed length control field | 01023nam a22002177a 4500 |
| 003 - CONTROL NUMBER IDENTIFIER | |
| control field | 0 |
| 005 - DATE AND TIME OF LATEST TRANSACTION | |
| control field | 20251107134400.0 |
| 008 - FIXED-LENGTH DATA ELEMENTS--GENERAL INFORMATION | |
| fixed length control field | 251107b xxu||||| |||| 00| 0 eng d |
| 020 ## - INTERNATIONAL STANDARD BOOK NUMBER | |
| International Standard Book Number | 978-0-06-334654-3 |
| 050 ## - LIBRARY OF CONGRESS CALL NUMBER | |
| Classification number | PQ 9698.13.O352 |
| Item number | .C672 M34 2024 |
| 100 ## - MAIN ENTRY--PERSONAL NAME | |
| Personal name | Coelho, Paulo, |
| Relator term | author. |
| 245 ## - TITLE STATEMENT | |
| Title | Maktub / |
| Statement of responsibility, etc | Paulo Coelho ; translated from the Portuguese by Margaret Jull Costa. |
| 260 ## - PUBLICATION, DISTRIBUTION, ETC. (IMPRINT) | |
| Place of publication, distribution, etc | New York, NY : |
| Name of publisher, distributor, etc | HarperOne, |
| Date of publication, distribution, etc | 2024. |
| 300 ## - PHYSICAL DESCRIPTION | |
| Extent | 205 pages ; |
| Dimensions | 21 cm. |
| 500 ## - GENERAL NOTE | |
| General note | Originally published in Portuguese. Translated from the Portuguese by Margaret Jull Costa. |
| 520 ## - SUMMARY, ETC. | |
| Summary, etc | A collection of short reflections and parables that explore everyday wisdom, personal growth, faith, and the importance of finding meaning in ordinary moments. Each piece offers gentle guidance and insight, encouraging readers to listen to their intuition and embrace the journey of life.<br/> |
| 650 ## - SUBJECT ADDED ENTRY--TOPICAL TERM | |
| Topical term or geographic name as entry element | Conduct of life |
| Form subdivision | Anecdotes. |
| 650 ## - SUBJECT ADDED ENTRY--TOPICAL TERM | |
| Topical term or geographic name as entry element | Spiritual life. |
| 700 ## - ADDED ENTRY--PERSONAL NAME | |
| Personal name | Costa, Margaret Jull, |
| Relator term | translator. |
| 942 ## - ADDED ENTRY ELEMENTS (KOHA) | |
| Source of classification or shelving scheme | Library of Congress Classification |
| Koha item type | Books |
| Withdrawn status | Lost status | Source of classification or shelving scheme | Damaged status | Home library | Current library | Shelving location | Date acquired | Source of acquisition | Sub Shelving location | Total Checkouts | Full call number | Barcode | Date last seen | Price effective from | Koha item type |
|---|---|---|---|---|---|---|---|---|---|---|---|---|---|---|---|
| Library of Congress Classification | Luxembourg Library | Luxembourg Library | Fiction Section | 11/19/2024 | Library Fund | PQ 9698.13.O352 .C672 M34 2024 | 21419 | 11/07/2025 | 11/07/2025 | Books |